00338nam a22001097a 4500020002200000082001500022100002800037245008600065260004600151300000800197650002300205 a978-0-8425-2479-7 a181.07 BUT aButterworth, Charles E. aThe Book of Decisive Treatise: Determining the Connection between law and wisdom aUtah, USAbBrigham Young University Press a135 aIslamic Philosophy